[Event "Benidorm - Aficionados sub-2300 2014"]
[Site "Benidorm ESP"]
[Date "2014.12.03"]
[Round "6.1"]
[White "Vaarala, Eric"]
[Black "Kultiyasov, Mikhail"]
[Result "0-1"]
[WhiteElo "2274"]
[BlackElo "2228"]
[PlyCount "122"]
[EventDate "2014.11.28"]
[EventType "swiss"]
[EventRounds "10"]
[EventCountry "ESP"]
[SourceTitle "Ajedrez en Madrid"]
[Source "lmi"]
[SourceDate "2014.11.28"]

1. d4 Nf6 2. c4 g6 3. Nc3 Bg7 4. e4 d6 5. f3 O-O 6. Nge2 c5 7. Be3 Nc6 8. d5
Ne5 9. Ng3 e6 10. Be2 h5 11. O-O exd5 12. cxd5 a6 13. h3 b5 14. Qd2 Re8 15. a3
Nc4 16. Bxc4 bxc4 17. Rae1 Rb8 18. Qc2 Qb6 19. Bc1 h4 20. Nge2 Bd7 21. Bf4 Nh5
22. Bc1 a5 23. Qd2 Qd8 24. Kh2 Rb7 25. Kg1 Bc8 26. Qc2 Qb6 27. Na4 Qb3 28. Qxb3
Rxb3 29. Nac3 Bd7 30. Rd1 f5 31. Rfe1 Kf7 32. Kf2 Be5 33. Ke3 g5 34. Kf2 Kg6
35. Rd2 Ng3 36. Red1 fxe4 37. Nxe4 Nxe4+ 38. fxe4 Bg3+ 39. Nxg3 hxg3+ 40. Kf1
Rxe4 41. Re2 Bf5 42. Rxe4 Bxe4 43. Re1 Bxd5 44. Rd1 Rd3 45. Rxd3 cxd3 46. Bd2
a4 47. Be1 Kf5 48. Bxg3 Bxg2+ 49. Kf2 d5 50. h4 g4 51. Ke3 Be4 52. Bd6 d4+ 53.
Kd2 c4 54. Bg3 Bd5 55. Bf2 Ke4 56. h5 Bf7 57. h6 Bg6 58. Bg3 c3+ 59. bxc3 dxc3+
60. Kxc3 Ke3 61. Bh4 Ke2 0-1

[Event "Benidorm - Aficionados sub-2300 2014"]
[Site "Benidorm ESP"]
[Date "2014.12.03"]
[Round "6.2"]
[White "Sanchez Jerez, Emilio Miguel"]
[Black "Mora Menezo, Jesus"]
[Result "1-0"]
[WhiteElo "2258"]
[BlackElo "2181"]
[PlyCount "97"]
[EventDate "2014.11.28"]
[EventType "swiss"]
[EventRounds "10"]
[EventCountry "ESP"]
[SourceTitle "Ajedrez en Madrid"]
[Source "lmi"]
[SourceDate "2014.11.28"]

1. e4 c5 2. Nf3 d6 3. d4 cxd4 4. Nxd4 Nf6 5. Nc3 g6 6. Be3 Bg7 7. f3 Nc6 8. Qd2
h5 9. Bc4 Bd7 10. O-O-O a6 11. Rhe1 Ne5 12. Bb3 Rc8 13. Nd5 Nxd5 14. exd5 O-O
15. Bh6 Re8 16. Bxg7 Kxg7 17. f4 Ng4 18. f5 Ne5 19. Re3 h4 20. Rf1 Rh8 21. Qe1
Rh5 22. fxg6 Nxg6 23. Kb1 Rc5 24. h3 Bb5 25. Rf5 Rh7 26. Rg5 e5 27. Nf5+ Kh8
28. Rg4 Bd7 29. Nxd6 Bxg4 30. Nxb7 Qc7 31. Nxc5 Qxc5 32. hxg4 f6 33. Rc3 Qd4
34. Rc4 Qa7 35. Rc8+ Kg7 36. d6 Kh6 37. Be6 Qd4 38. d7 Rxd7 39. Bxd7 Qxd7 40.
Rc4 Qd5 41. Re4 Kg5 42. Re2 Nf4 43. Rd2 Qc6 44. Qd1 e4 45. Rd8 e3 46. Rg8+ Kh6
47. Qd8 Ng6 48. Qd3 Ne7 49. Rh8+ 1-0

[Event "Benidorm - Aficionados sub-2300 2014"]
[Site "Benidorm ESP"]
[Date "2014.12.03"]
[Round "6.3"]
[White "Ibañez Aullana, Ramon"]
[Black "Olhovik, Andrei"]
[Result "1/2-1/2"]
[WhiteElo "2268"]
[BlackElo "2270"]
[PlyCount "108"]
[EventDate "2014.11.28"]
[EventType "swiss"]
[EventRounds "10"]
[EventCountry "ESP"]
[SourceTitle "Ajedrez en Madrid"]
[Source "lmi"]
[SourceDate "2014.11.28"]

1. d4 Nf6 2. c4 g6 3. Nc3 d5 4. cxd5 Nxd5 5. Bd2 Nb6 6. e4 Qxd4 7. Nb5 Qd8 8.
Bc3 f6 9. Qxd8+ Kxd8 10. e5 Be6 11. exf6 Rg8 12. Nf3 exf6 13. Bxf6+ Kc8 14. Be2
Nd5 15. Bc4 Bb4+ 16. Bc3 Bxc3+ 17. bxc3 Nf4 18. Bxe6+ Nxe6 19. O-O a5 20. Rfe1
Ra6 21. Rad1 Rd8 22. h4 Rxd1 23. Rxd1 Nd7 24. Kh2 a4 25. Re1 Kd8 26. Nbd4 Nxd4
27. Nxd4 Nf8 28. Re4 Ra5 29. g4 Rc5 30. Rf4 Ke7 31. Rxf8 Rxc3 32. Rf4 c6 33. h5
Ra3 34. Nf3 Rxa2 35. Ng5 gxh5 36. gxh5 b5 37. h6 a3 38. Nxh7 Rd2 39. Ng5 a2 40.
Rf7+ Kd6 41. Ra7 Rxf2+ 42. Kg3 Rf8 43. h7 b4 44. Rxa2 c5 45. Rf2 Rb8 46. h8=Q
Rxh8 47. Nf7+ Kd5 48. Nxh8 Kd4 49. Rf8 b3 50. Kf2 Kc3 51. Ke2 b2 52. Rb8 Kc2
53. Rc8 b1=Q 54. Rxc5+ Kb2 1/2-1/2

[Event "Benidorm - Aficionados sub-2300 2014"]
[Site "Benidorm ESP"]
[Date "2014.12.03"]
[Round "6.4"]
[White "Amdouni, Zoubaier"]
[Black "Cappon, John"]
[Result "1/2-1/2"]
[WhiteElo "2291"]
[BlackElo "2216"]
[PlyCount "24"]
[EventDate "2014.11.28"]
[EventType "swiss"]
[EventRounds "10"]
[EventCountry "ESP"]
[SourceTitle "Ajedrez en Madrid"]
[Source "lmi"]
[SourceDate "2014.11.28"]

1. e4 e6 2. d4 d5 3. Nc3 Nf6 4. Bg5 Be7 5. e5 Nfd7 6. h4 a6 7. Qg4 h5 8. Qg3 g6
9. Nf3 c5 10. dxc5 Nc6 11. Be2 Nxc5 12. O-O b5 1/2-1/2

[Event "Benidorm - Aficionados sub-2300 2014"]
[Site "Benidorm ESP"]
[Date "2014.12.03"]
[Round "6.5"]
[White "Serra Pages, Jordi"]
[Black "Tejedor Fuente, Enrique"]
[Result "0-1"]
[WhiteElo "2182"]
[BlackElo "2288"]
[PlyCount "80"]
[EventDate "2014.11.28"]
[EventType "swiss"]
[EventRounds "10"]
[EventCountry "ESP"]
[SourceTitle "Ajedrez en Madrid"]
[Source "lmi"]
[SourceDate "2014.11.28"]

1. d4 Nf6 2. c4 c6 3. Nf3 d5 4. Nc3 e6 5. Bg5 Nbd7 6. e3 Qa5 7. Qb3 Ne4 8. Bh4
Bb4 9. Rc1 O-O 10. a3 Bd6 11. c5 Bc7 12. Be2 b6 13. cxb6 axb6 14. O-O Nxc3 15.
Qxc3 Qxc3 16. Rxc3 Bb7 17. Bg3 Bxg3 18. hxg3 Rfc8 19. Rfc1 c5 20. Bb5 Bc6 21.
Bxc6 Rxc6 22. Ne5 Nxe5 23. dxe5 Kf8 24. Kf1 Ke7 25. Ke2 h5 26. Rh1 g6 27. Rh4
c4 28. Kd2 b5 29. Rc1 Ra4 30. Kc3 Rb6 31. Rc2 b4+ 32. axb4 Raxb4 33. e4 Rb3+
34. Kd4 Rd3+ 35. Kc5 Rb8 36. Rc3 Rxb2 37. Rxd3 cxd3 38. exd5 Rc2+ 39. Kb4 exd5
40. Rd4 Rc4+ 0-1

[Event "Benidorm - Aficionados sub-2300 2014"]
[Site "Benidorm ESP"]
[Date "2014.12.03"]
[Round "6.6"]
[White "Jimenez Martinez, Jose Vicente"]
[Black "Perez Garcia, Alejandro"]
[Result "0-1"]
[WhiteElo "2257"]
[BlackElo "2163"]
[PlyCount "106"]
[EventDate "2014.11.28"]
[EventType "swiss"]
[EventRounds "10"]
[EventCountry "ESP"]
[SourceTitle "Ajedrez en Madrid"]
[Source "lmi"]
[SourceDate "2014.11.28"]

1. d4 d5 2. c4 c6 3. Nf3 Nf6 4. Nc3 dxc4 5. a4 Bf5 6. e3 e6 7. Bxc4 Bb4 8. O-O
Nbd7 9. Qb3 a5 10. Na2 Bd6 11. Nc3 Qb8 12. e4 b5 13. exf5 bxc4 14. Qxc4 O-O 15.
fxe6 fxe6 16. Qxe6+ Kh8 17. g3 Qc7 18. Ng5 Nb6 19. Nce4 Nxe4 20. Qxe4 g6 21.
Ne6 Rae8 22. d5 Qb8 23. Qc2 Rf5 24. Qc3+ Be5 25. Qxc6 Rc8 26. Qb5 Qd6 27. Be3
Nxd5 28. Rad1 Bf6 29. Nd4 Rh5 30. Rc1 Rb8 31. Rc6 Qe5 32. Qa6 Nxe3 33. Rc8+ Kg7
34. Qa7+ Kh6 35. Rc7 Qxd4 36. Rxh7+ Kg5 37. Rxh5+ gxh5 38. h4+ Kg4 39. Qxb8
Nxf1 40. Qc8+ Kf3 41. Qf5+ Ke2 42. Qxh5+ Ke1 43. Qxa5+ Nd2 44. Qf5 Be5 45. Kg2
Qd5+ 46. Kh3 Ne4 47. Kh2 Nxf2 48. Qb1+ Ke2 49. Qc2+ Ke3 50. Qc1+ Kf3 51. Qg5
Ng4+ 52. Kh3 Qe6 53. h5 Bxg3 0-1

[Event "Benidorm - Aficionados sub-2300 2014"]
[Site "Benidorm ESP"]
[Date "2014.12.03"]
[Round "6.7"]
[White "Platel, Alexandre"]
[Black "Tetimov, Ivan"]
[Result "0-1"]
[WhiteElo "2219"]
[BlackElo "2158"]
[PlyCount "140"]
[EventDate "2014.11.28"]
[EventType "swiss"]
[EventRounds "10"]
[EventCountry "ESP"]
[SourceTitle "Ajedrez en Madrid"]
[Source "lmi"]
[SourceDate "2014.11.28"]

1. e4 c6 2. c4 d5 3. exd5 cxd5 4. cxd5 Nf6 5. Qa4+ Nbd7 6. Nc3 g6 7. Bc4 Bg7 8.
Nge2 O-O 9. Qb3 a6 10. a4 Qa5 11. Qa2 Ne5 12. b3 Bf5 13. O-O Nd3 14. Ba3 Nb4
15. Bxb4 Qxb4 16. Ng3 Bd7 17. Qa3 Qxa3 18. Rxa3 Rfd8 19. Re1 Rab8 20. a5 Kf8
21. h3 Rbc8 22. Nf1 Rc7 23. Ne3 h5 24. Ra2 Rc5 25. Kf1 Ne8 26. Ne4 Rcc8 27. Ke2
Be5 28. g4 hxg4 29. hxg4 Nd6 30. Nxd6 Bxd6 31. Rh1 Kg7 32. Raa1 Rh8 33. Rhg1
Rh2 34. Bd3 Rch8 35. Rac1 R2h4 36. Rc2 Rh3 37. Rcc1 Rc8 38. Rc4 Rd8 39. Rcc1
Rh2 40. Rc2 Kf6 41. Rcc1 Kg5 42. Bc4 Bb4 43. Ra1 Rdh8 44. Bd3 R8h3 45. Be4 Bxd2
46. Bg2 Bxe3 47. Bxh3 Bd4 48. Rad1 Ba7 49. Rh1 Bb5+ 50. Kd2 Rxf2+ 51. Kc3 Bb8
52. Bf1 Be5+ 53. Kb4 Bd6+ 54. Kc3 Bd7 55. Rg1 Ra2 56. Bc4 Rxa5 57. Rdf1 f6 58.
Rg2 b5 59. Bd3 Ra3 60. Bc2 b4+ 61. Kd4 Be5+ 62. Kc5 Ra5+ 63. Kxb4 Rxd5 64. Rd1
Rb5+ 65. Ka3 Bc3 66. b4 Bxb4+ 67. Ka2 Be6+ 68. Bb3 Ra5+ 69. Kb2 Ba3+ 70. Ka2
Bd6+ 0-1

[Event "Benidorm - Aficionados sub-2300 2014"]
[Site "Benidorm ESP"]
[Date "2014.12.03"]
[Round "6.8"]
[White "Serna Lara, Sergio"]
[Black "Schmidt, Ralf"]
[Result "1-0"]
[WhiteElo "2230"]
[BlackElo "2119"]
[PlyCount "77"]
[EventDate "2014.11.28"]
[EventType "swiss"]
[EventRounds "10"]
[EventCountry "ESP"]
[SourceTitle "Ajedrez en Madrid"]
[Source "lmi"]
[SourceDate "2014.11.28"]

1. d4 g6 2. c4 Bg7 3. e4 d6 4. Nc3 Nd7 5. Bg5 h6 6. Be3 e5 7. d5 Ngf6 8. Be2
Nc5 9. f3 a5 10. Qd2 Nh5 11. O-O-O f5 12. exf5 gxf5 13. Nh3 Nf6 14. Nf2 h5 15.
Nd3 b6 16. Rde1 Qe7 17. Bd1 Bd7 18. Bc2 Kd8 19. Nxc5 bxc5 20. Ba4 Bxa4 21. Nxa4
Qe8 22. Nc3 Qg6 23. Qc2 Bh6 24. Bxh6 Qxh6+ 25. Kb1 Qg5 26. Rhf1 h4 27. g3 hxg3
28. hxg3 Nh5 29. f4 Qg7 30. fxe5 Nxg3 31. Rg1 dxe5 32. Qf2 f4 33. Qxc5 Rh6 34.
Ka1 Raa6 35. Nb5 Rhg6 36. Na7 e4 37. Nc6+ Ke8 38. Rxg3 Raxc6 39. Qxc6+ 1-0

[Event "Benidorm - Aficionados sub-2300 2014"]
[Site "Benidorm ESP"]
[Date "2014.12.03"]
[Round "6.9"]
[White "Arias Igual, Alejandro"]
[Black "Aracil Serra, Javier"]
[Result "1/2-1/2"]
[WhiteElo "2297"]
[BlackElo "2174"]
[PlyCount "106"]
[EventDate "2014.11.28"]
[EventType "swiss"]
[EventRounds "10"]
[EventCountry "ESP"]
[SourceTitle "Ajedrez en Madrid"]
[Source "lmi"]
[SourceDate "2014.11.28"]

1. d4 Nf6 2. c4 d6 3. Nc3 Bf5 4. Nf3 g6 5. Bf4 Bg7 6. e3 O-O 7. Bd3 Bxd3 8.
Qxd3 Nh5 9. O-O Nxf4 10. exf4 e6 11. Rad1 Nd7 12. Rfe1 Re8 13. b3 Nf6 14. g3
Qd7 15. Kg2 a6 16. a4 a5 17. d5 exd5 18. cxd5 Rxe1 19. Rxe1 Re8 20. Rc1 Re7 21.
Nb5 Ne8 22. Nfd4 Qg4 23. Nc2 h5 24. Ne3 Qd7 25. Nc4 b6 26. Ne3 h4 27. f5 g5 28.
Rc4 hxg3 29. hxg3 Bb2 30. Rg4 f6 31. Rc4 Rh7 32. Re4 Be5 33. Nd4 Qf7 34. Qe2
Rh8 35. Qf3 Qh7 36. Kf1 Ng7 37. Ke2 Qh1 38. Qxh1 Rxh1 39. Ne6 Rb1 40. Nxg7 Kxg7
41. f4 gxf4 42. gxf4 Ba1 43. Nc2 Bc3 44. Kd3 Bb4 45. Nd4 Rc1 46. Nc2 Rd1+ 47.
Kc4 Rc1 48. Re2 Bc5 49. Kb5 Rb1 50. Kc4 Rf1 51. Re4 Rc1 52. Kc3 Rd1 53. Kc4 Rc1
1/2-1/2

[Event "Benidorm - Aficionados sub-2300 2014"]
[Site "Benidorm ESP"]
[Date "2014.12.03"]
[Round "6.10"]
[White "Jordan Martinez, Miguel"]
[Black "Tocco, Paolo"]
[Result "1-0"]
[WhiteElo "2236"]
[BlackElo "2141"]
[PlyCount "51"]
[EventDate "2014.11.28"]
[EventType "swiss"]
[EventRounds "10"]
[EventCountry "ESP"]
[SourceTitle "Ajedrez en Madrid"]
[Source "lmi"]
[SourceDate "2014.11.28"]

1. e4 Nc6 2. Nf3 f5 3. exf5 d5 4. Bb5 Bxf5 5. d4 Qd6 6. Ne5 Nf6 7. O-O Nd7 8.
Bf4 Ncxe5 9. Bxe5 Qb6 10. Bxd7+ Kxd7 11. Nd2 Qg6 12. Rc1 c6 13. c4 e6 14. Qb3
b6 15. Rc3 Qh6 16. f4 Bd6 17. Bxd6 Kxd6 18. c5+ bxc5 19. Qa3 Kd7 20. Nf3 Rhc8
21. Ne5+ Ke8 22. Qxc5 Qf6 23. Nxc6 Qf8 24. Qb5 Kf7 25. Qb7+ Kg8 26. Ne7+ 1-0

[Event "Benidorm - Aficionados sub-2300 2014"]
[Site "Benidorm ESP"]
[Date "2014.12.03"]
[Round "6.11"]
[White "Acebal Muniz, Antonio"]
[Black "Belousov, Gennadiy"]
[Result "1/2-1/2"]
[WhiteElo "2127"]
[BlackElo "2222"]
[PlyCount "33"]
[EventDate "2014.11.28"]
[EventType "swiss"]
[EventRounds "10"]
[EventCountry "ESP"]
[SourceTitle "Ajedrez en Madrid"]
[Source "lmi"]
[SourceDate "2014.11.28"]

1. Nf3 d5 2. d4 Nf6 3. c4 dxc4 4. e3 Bg4 5. Bxc4 e6 6. Nc3 Nbd7 7. h3 Bh5 8. e4
Nb6 9. Be2 Bb4 10. Qd3 O-O 11. a3 Be7 12. Be3 Nbd7 13. Qc4 Bg6 14. Bd2 Nb6 15.
Qa2 Nbd7 16. Qc4 Nb6 17. Qa2 1/2-1/2

[Event "Benidorm - Aficionados sub-2300 2014"]
[Site "Benidorm ESP"]
[Date "2014.12.03"]
[Round "6.12"]
[White "Olivera Gutierrez, Albert"]
[Black "Bosque Ortega, Xavier"]
[Result "0-1"]
[WhiteElo "2047"]
[BlackElo "2214"]
[PlyCount "80"]
[EventDate "2014.11.28"]
[EventType "swiss"]
[EventRounds "10"]
[EventCountry "ESP"]
[SourceTitle "Ajedrez en Madrid"]
[Source "lmi"]
[SourceDate "2014.11.28"]

1. g3 d5 2. Bg2 Nf6 3. d4 Bf5 4. c4 e6 5. cxd5 exd5 6. Nf3 c6 7. Nc3 h6 8. Qb3
Qb6 9. Qxb6 axb6 10. Bf4 Bb4 11. Nd2 O-O 12. O-O Re8 13. Rfe1 Nbd7 14. a3 Bxc3
15. bxc3 g5 16. Be3 b5 17. Nf1 Ne4 18. Bxe4 Bxe4 19. f3 Bg6 20. Kf2 Ra6 21. Bc1
Nb6 22. Ne3 Nc4 23. Nxc4 bxc4 24. Ra2 Rb6 25. Rb2 Rb3 26. Rxb3 cxb3 27. Bb2 Bc2
28. Ra1 h5 29. Rg1 g4 30. f4 Kg7 31. Ra1 Kg6 32. a4 Kf5 33. a5 h4 34. Ra4 hxg3+
35. hxg3 Bd1 36. e3 Rh8 37. Ke1 Rh2 38. Rb4 Rxb2 39. Kxd1 Ke4 40. Rxb7 Kd3 0-1

[Event "Benidorm - Aficionados sub-2300 2014"]
[Site "Benidorm ESP"]
[Date "2014.12.03"]
[Round "6.13"]
[White "Santos, Jeovani Amaro Dias"]
[Black "Montalban Galvez, Antoni"]
[Result "1-0"]
[WhiteElo "2044"]
[BlackElo "2192"]
[PlyCount "67"]
[EventDate "2014.11.28"]
[EventType "swiss"]
[EventRounds "10"]
[EventCountry "ESP"]
[SourceTitle "Ajedrez en Madrid"]
[Source "lmi"]
[SourceDate "2014.11.28"]

1. d4 Nf6 2. c4 g6 3. Nc3 Bg7 4. Bf4 d6 5. Qd2 h6 6. h4 c6 7. e4 Nbd7 8. Nf3 c5
9. d5 Ng4 10. Be2 Nde5 11. Nxe5 Nxe5 12. O-O Bd7 13. Bg3 h5 14. f4 Ng4 15. Bxg4
Bxg4 16. e5 Bf5 17. Rae1 O-O 18. Nd1 b5 19. Ne3 Bd7 20. Qc2 Kh7 21. e6 fxe6 22.
dxe6 Bxe6 23. f5 Bf7 24. Nd5 gxf5 25. Nxe7 Qd7 26. Rxf5 Kh8 27. Qd1 Bd4+ 28.
Kh2 Kg7 29. Rg5+ Kh7 30. Rxh5+ Kg7 31. Nf5+ Kf6 32. Rh6+ Bg6 33. Rxg6+ Kxg6 34.
Qg4+ 1-0

[Event "Benidorm - Aficionados sub-2300 2014"]
[Site "Benidorm ESP"]
[Date "2014.12.03"]
[Round "6.18"]
[White "Lopez Del Alamo, Antonio"]
[Black "Riquelme Valero, Manuel Damian"]
[Result "0-1"]
[WhiteElo "2260"]
[BlackElo "2099"]
[PlyCount "50"]
[EventDate "2014.11.28"]
[EventType "swiss"]
[EventRounds "10"]
[EventCountry "ESP"]
[SourceTitle "Ajedrez en Madrid"]
[Source "lmi"]
[SourceDate "2014.11.28"]

1. Nf3 d5 2. g3 Nf6 3. Bg2 Nc6 4. d4 Bf5 5. c4 e6 6. O-O Bd6 7. c5 Be7 8. b4
Nxb4 9. Qa4+ Nc6 10. Ne5 Kf8 11. Nxc6 Qd7 12. Nd2 Qxc6 13. Qb3 h6 14. f3 b6 15.
e4 Bg6 16. e5 Nd7 17. f4 bxc5 18. f5 Rb8 19. Bxd5 exd5 20. Qf3 Bh7 21. Ba3 Qa4
22. f6 gxf6 23. exf6 Qxd4+ 24. Kh1 Bd6 25. Rae1 Qxd2 0-1

[Event "Benidorm - Aficionados sub-2300 2014"]
[Site "Benidorm ESP"]
[Date "2014.12.03"]
[Round "6.19"]
[White "Jordan Martinez, David"]
[Black "Gromovs, Sergejs"]
[Result "0-1"]
[WhiteElo "2119"]
[BlackElo "2255"]
[PlyCount "40"]
[EventDate "2014.11.28"]
[EventType "swiss"]
[EventRounds "10"]
[EventCountry "ESP"]
[SourceTitle "Ajedrez en Madrid"]
[Source "lmi"]
[SourceDate "2014.11.28"]

1. e4 c5 2. Nf3 d6 3. d4 cxd4 4. Qxd4 a6 5. Bc4 Nc6 6. Qd3 e6 7. Nc3 Qc7 8. Bb3
Be7 9. Bf4 Nf6 10. O-O-O Ne5 11. Qe2 O-O 12. Nd4 b5 13. Bg5 h6 14. Bh4 b4 15.
Nb1 a5 16. Ba4 Ba6 17. Bb5 Bxb5 18. Nxb5 Qc5 19. Bxf6 Bxf6 20. Nxd6 Bg5+ 0-1

[Event "Benidorm - Aficionados sub-2300 2014"]
[Site "Benidorm ESP"]
[Date "2014.12.03"]
[Round "6.21"]
[White "Jove Grau, Lluis"]
[Black "Villasenor Rubio, Emilio Jose"]
[Result "0-1"]
[WhiteElo "2077"]
[BlackElo "2240"]
[PlyCount "48"]
[EventDate "2014.11.28"]
[EventType "swiss"]
[EventRounds "10"]
[EventCountry "ESP"]
[SourceTitle "Ajedrez en Madrid"]
[Source "lmi"]
[SourceDate "2014.11.28"]

1. b4 e5 2. Bb2 d6 3. c4 Nf6 4. Nf3 g6 5. e3 Bg7 6. d4 e4 7. Nfd2 O-O 8. Nc3
Re8 9. Qc2 Bf5 10. Be2 h5 11. O-O Nbd7 12. a4 Nf8 13. a5 a6 14. b5 Ne6 15. bxa6
bxa6 16. Nd5 Ng4 17. g3 Ng5 18. Qa4 Bd7 19. Qc2 Nh3+ 20. Kg2 c6 21. Bxg4 Bxg4
22. Nf4 Qd7 23. Rfe1 Qf5 24. Ba3 Bf3+ 0-1

[Event "Benidorm - Aficionados sub-2300 2014"]
[Site "Benidorm ESP"]
[Date "2014.12.03"]
[Round "6.25"]
[White "Uran Bermudez, Oliver Kevin"]
[Black "Jensen, Stein"]
[Result "1/2-1/2"]
[WhiteElo "2182"]
[BlackElo "2016"]
[PlyCount "46"]
[EventDate "2014.11.28"]
[EventType "swiss"]
[EventRounds "10"]
[EventCountry "ESP"]
[SourceTitle "Ajedrez en Madrid"]
[Source "lmi"]
[SourceDate "2014.11.28"]

1. c3 f5 2. d4 Nf6 3. Bg5 e6 4. Nd2 Be7 5. Qc2 d5 6. f3 c5 7. e3 Qb6 8. Nh3 Nc6
9. Nf4 Bd7 10. Be2 O-O 11. Bh4 Rac8 12. Qb3 Na5 13. Qxb6 axb6 14. O-O g6 15.
Rfe1 b5 16. Nd3 b6 17. Ne5 Be8 18. Bd3 Nc4 19. Bxc4 bxc4 20. e4 cxd4 21. cxd4
Bb4 22. Rad1 c3 23. bxc3 Bxc3 1/2-1/2

[Event "Benidorm - Aficionados sub-2300 2014"]
[Site "Benidorm ESP"]
[Date "2014.12.03"]
[Round "6.27"]
[White "Lakunza Oyarbide, Juan Carlos"]
[Black "Lacrosse, Marc"]
[Result "1/2-1/2"]
[WhiteElo "2059"]
[BlackElo "2177"]
[PlyCount "61"]
[EventDate "2014.11.28"]
[EventType "swiss"]
[EventRounds "10"]
[EventCountry "ESP"]
[SourceTitle "Ajedrez en Madrid"]
[Source "lmi"]
[SourceDate "2014.11.28"]

1. d4 d5 2. Nf3 Nf6 3. c4 e6 4. g3 Be7 5. Bg2 O-O 6. O-O dxc4 7. Qc2 a6 8. Qxc4
b5 9. Qc2 Bb7 10. Bg5 Nbd7 11. Bxf6 Nxf6 12. Nbd2 Rc8 13. Nb3 Be4 14. Qc1 c5
15. dxc5 Bd5 16. Rd1 Qc7 17. Nfd4 Bxc5 18. Bxd5 exd5 19. Nf5 Bxf2+ 20. Kf1 Qxc1
21. Raxc1 Rxc1 22. Rxc1 Bb6 23. Ne7+ Kh8 24. Rc6 Rb8 25. Nc8 Nd7 26. Nxb6 Nxb6
27. Nc5 a5 28. Na6 Rb7 29. Nc5 Rb8 30. Na6 Rb7 31. Nc5 1/2-1/2

[Event "Benidorm - Aficionados sub-2300 2014"]
[Site "Benidorm ESP"]
[Date "2014.12.03"]
[Round "6.28"]
[White "Collier, David O"]
[Black "Sanchez Barbado, Carlos"]
[Result "0-1"]
[WhiteElo "2038"]
[BlackElo "2173"]
[PlyCount "51"]
[EventDate "2014.11.28"]
[EventType "swiss"]
[EventRounds "10"]
[EventCountry "ESP"]
[SourceTitle "Ajedrez en Madrid"]
[Source "lmi"]
[SourceDate "2014.11.28"]

1. d4 f5 2. Nc3 d5 3. Bf4 c6 4. Qd2 Nf6 5. f3 e6 6. Nh3 Bb4 7. e3 O-O 8. Bd3
Nbd7 9. a3 Be7 10. O-O Nh5 11. Rfe1 g5 12. Be5 Nxe5 13. dxe5 Qc7 14. f4 g4 15.
Nf2 b6 16. Ne2 c5 17. c3 Bb7 18. Ng3 Ng7 19. Bf1 h5 20. Ne2 h4 21. h3 gxh3 22.
Nxh3 Nh5 23. Kh2 Kf7 24. Neg1 Ng3 25. Nf3 Ne4 26. Qd3 0-1

[Event "Benidorm - Aficionados sub-2300 2014"]
[Site "Benidorm ESP"]
[Date "2014.12.03"]
[Round "6.31"]
[White "Parals Marce, Luis"]
[Black "Murcia Paredes, Angel"]
[Result "1/2-1/2"]
[WhiteElo "1972"]
[BlackElo "2147"]
[PlyCount "32"]
[EventDate "2014.11.28"]
[EventType "swiss"]
[EventRounds "10"]
[EventCountry "ESP"]
[SourceTitle "Ajedrez en Madrid"]
[Source "lmi"]
[SourceDate "2014.11.28"]

1. c4 Nf6 2. g3 g6 3. Nc3 Bg7 4. Bg2 d6 5. e4 O-O 6. Nge2 e5 7. O-O Nbd7 8. d3
a6 9. h3 Rb8 10. a4 Re8 11. Be3 Nf8 12. Qd2 Bd7 13. Ba7 Ra8 14. Be3 Rb8 15. Ba7
Ra8 16. Be3 Rb8 1/2-1/2

[Event "Benidorm - Aficionados sub-2300 2014"]
[Site "Benidorm ESP"]
[Date "2014.12.03"]
[Round "6.37"]
[White "Garcia Gata, Jorge D"]
[Black "Pena Riasco, Alexander"]
[Result "0-1"]
[WhiteElo "2046"]
[BlackElo "2180"]
[PlyCount "68"]
[EventDate "2014.11.28"]
[EventType "swiss"]
[EventRounds "10"]
[EventCountry "ESP"]
[SourceTitle "Ajedrez en Madrid"]
[Source "lmi"]
[SourceDate "2014.11.28"]

1. d4 d5 2. Nf3 Nf6 3. c4 c6 4. Nc3 dxc4 5. a4 Bf5 6. Nh4 Bg4 7. h3 Bh5 8. g4
Bg6 9. Nxg6 hxg6 10. e3 e6 11. Bxc4 Bb4 12. Bd2 a5 13. Qc2 Na6 14. O-O-O Nc7
15. Ba2 g5 16. e4 Qxd4 17. Bxg5 Qc5 18. Be3 Qe7 19. g5 Nd7 20. g6 O-O-O 21.
gxf7 Qxf7 22. f4 Qh5 23. e5 Qf3 24. Qe4 Rxh3 25. Rxh3 Qxh3 26. Rh1 Qg4 27. Rg1
Qh4 28. Rxg7 Qe1+ 29. Kc2 Bxc3 30. bxc3 Nc5 31. Qf3 Nxa4 32. Bd4 Qa1 33. Bc4
Qb2+ 34. Kd3 Qxc3+ 0-1

[Event "Benidorm - Aficionados sub-2300 2014"]
[Site "Benidorm ESP"]
[Date "2014.12.03"]
[Round "6.39"]
[White "Garcia Martin, Marta"]
[Black "Jackson, Oliver A"]
[Result "0-1"]
[WhiteElo "1913"]
[BlackElo "2146"]
[PlyCount "42"]
[EventDate "2014.11.28"]
[EventType "swiss"]
[EventRounds "10"]
[EventCountry "ESP"]
[SourceTitle "Ajedrez en Madrid"]
[Source "lmi"]
[SourceDate "2014.11.28"]

1. e4 c5 2. c3 d6 3. d4 Nf6 4. Bd3 Nc6 5. Nf3 e5 6. dxc5 dxc5 7. O-O Be7 8. a4
O-O 9. Na3 Be6 10. Qe2 Qc7 11. Nc4 h6 12. Ne1 a6 13. Na3 Na5 14. Bc2 c4 15. h3
Nd7 16. Be3 Nc5 17. Rd1 Qc6 18. Qf3 Nxa4 19. Bxa4 Qxa4 20. Qg3 Qxd1 21. Bxh6
Bf6 0-1

[Event "Benidorm - Aficionados sub-2300 2014"]
[Site "Benidorm ESP"]
[Date "2014.12.03"]
[Round "6.41"]
[White "Nunez Reiz, Antonio"]
[Black "Mascarell Canet, Ricardo"]
[Result "0-1"]
[WhiteElo "2094"]
[BlackElo "1957"]
[PlyCount "58"]
[EventDate "2014.11.28"]
[EventType "swiss"]
[EventRounds "10"]
[EventCountry "ESP"]
[SourceTitle "Ajedrez en Madrid"]
[Source "lmi"]
[SourceDate "2014.11.28"]

1. e4 c5 2. Ne2 d6 3. g3 Nc6 4. Bg2 g6 5. O-O h5 6. d4 cxd4 7. Nxd4 Bd7 8. Nc3
Bg7 9. Be3 Nf6 10. h3 h4 11. g4 Ne5 12. f3 Nc4 13. Qe2 Nxe3 14. Qxe3 Qb6 15.
Kh1 e5 16. Nd5 Nxd5 17. exd5 Qxd4 18. Qa3 Qc5 19. b4 Qc4 20. f4 exf4 21. Rae1+
Be5 22. Re4 Qa6 23. Qc3 O-O 24. Qe1 Bb5 25. Rf2 Rac8 26. g5 Qa3 27. Rf3 Rc3 28.
Rxc3 Qxc3 29. Qxh4 f3 0-1

[Event "Benidorm - Aficionados sub-2300 2014"]
[Site "Benidorm ESP"]
[Date "2014.12.03"]
[Round "6.44"]
[White "Renteria, Jorge"]
[Black "Arias Castanedo, Jacinto"]
[Result "1-0"]
[WhiteElo "2253"]
[BlackElo "1851"]
[PlyCount "41"]
[EventDate "2014.11.28"]
[EventType "swiss"]
[EventRounds "10"]
[EventCountry "ESP"]
[SourceTitle "Ajedrez en Madrid"]
[Source "lmi"]
[SourceDate "2014.11.28"]

1. e4 c6 2. d4 d5 3. e5 Bf5 4. h4 h5 5. Bg5 g6 6. Bd3 Bxd3 7. Qxd3 Bh6 8. e6
Bxg5 9. exf7+ Kxf7 10. hxg5 Kg7 11. Nf3 Qd6 12. Nbd2 Nd7 13. O-O-O e5 14. dxe5
Nxe5 15. Qc3 d4 16. Nxd4 Kh7 17. N2f3 Nxf3 18. Nxf3 Qc7 19. Ne5 Rd8 20. Rxd8
Qxd8 21. Nf7 1-0